Diario histórico : (Record no. 19979)
[ view plain ]
| 000 -CABECERA | |
|---|---|
| campo de control de longitud fija | 00953nam a2200217 a 4500 |
| 001 - NÚMERO DE CONTROL | |
| campo de control | 000020475 |
| 005 - FECHA Y HORA DE LA ÚLTIMA TRANSACCIÓN | |
| campo de control | 20200930011122.0 |
| 008 - DATOS DE LONGITUD FIJA--INFORMACIÓN GENERAL | |
| campo de control de longitud fija | 081124s1810 dr r 000 0 spa d |
| 040 ## - FUENTE DE LA CATALOGACIÓN | |
| Centro catalogador/agencia de origen | DO-SdBNP |
| Lengua de catalogación | spa |
| Centro/agencia transcriptor | BNPHU |
| 082 ## - NÚMERO DE LA CLASIFICACIÓN DECIMAL DEWEY | |
| Número de clasificación | 972.9303 |
| Número de documento/Ítem | G958d |
| 100 1# - ENTRADA PRINCIPAL--NOMBRE DE PERSONA | |
| Nombre de persona | Guillermin, Gilbert |
| 9 (RLIN) | 574 |
| 245 10 - MENCIÓN DE TÍTULO | |
| Título | Diario histórico : |
| Resto del título | de la revolución de la parte del Este de Santo Domingo, comenzada el 10 de agosto de 1808, con notas estadísticas sobre esta parte / |
| Mención de responsabilidad, etc. | Gilbert Guillermin ; traducido del francés Armando Rodríguez. |
| 260 ## - PUBLICACIÓN, DISTRIBUCIÓN, ETC. | |
| Lugar de publicación, distribución, etc. | Filadelfia, Estados Unidos : |
| Nombre del editor, distribuidor, etc. | Imprenta de P. U. Lafourcade, |
| Fecha de publicación, distribución, etc. | [1810]. |
| 300 ## - DESCRIPCIÓN FÍSICA | |
| Extensión | lii , 287 p. ; |
| Dimensiones | 24 cm. |
| 590 ## - NOTA LOCAL (RLIN) | |
| Nota local | Inventariado, 2018/ YL |
| 600 14 - PUNTO DE ACCESO ADICIONAL DE MATERIA--NOMBRE DE PERSONA | |
| Nombre de persona | GUILLERMIN, GILBERT |
| Subdivisión general | CORRESPONDENCIAS, MEMORIAS, ETC. |
| 9 (RLIN) | 43152 |
| 651 #4 - PUNTO DE ACCESO ADICIONAL DE MATERIA--NOMBRE GEOGRÁFICO | |
| Nombre geográfico | República Dominicana |
| Subdivisión general | Historia |
| Subdivisión cronológica | HASTA 1808 |
| 9 (RLIN) | 43153 |
| 651 #4 - PUNTO DE ACCESO ADICIONAL DE MATERIA--NOMBRE GEOGRÁFICO | |
| Nombre geográfico | Hispaniola |
| Subdivisión general | Historia |
| 9 (RLIN) | 43154 |
| 700 1# - PUNTO DE ACCESO ADICIONAL--NOMBRE DE PERSONA | |
| Nombre de persona | Rodríguez, Armando, |
| Término indicativo de función/relación | tr. |
| 9 (RLIN) | 578 |
| 910 ## - DATOS DE OPCIÓN DEL USUARIO (OCLC) | |
| Datos de opción del usuario | Validado. Control de calidad MFF |
| Estado de retiro | Estado de pérdida | Restricciones de uso | No para préstamo | Código de colección | Localización permanente | Ubicación/localización actual | Ubicación en estantería | Fecha de adquisición | Número de inventario | Total de préstamos | Signatura topográfica completa | Código de barras | Fecha visto por última vez | Precio válido a partir de | Tipo de ítem Koha |
|---|---|---|---|---|---|---|---|---|---|---|---|---|---|---|---|
| Excluido de préstamo | Raros y valiosos | Patrimonio Dominicano | Patrimonio Dominicano | Depósito | 27.08.2018 | LF1 | 972.9303 G958d | 20475-10 | 25.06.2020 | 25.06.2020 | No se presta |
